Países escritos de la misma manera en inglés - Estadísticas

Estadísticas generales
  • Esta prueba ha sido intentada 52 veces
  • La puntuación promedio es 35 de 74
Estadísticas de respuestas
Hint Respuesta % Correcto
A Albania
82%
P Portugal
77%
A Andorra
74%
A Austria
72%
E Estonia
67%
L Liechtenstein
67%
A Australia
64%
C Colombia
64%
H Honduras
64%
A Argentina
62%
C China
62%
G Guatemala
62%
K Kosovo
62%
S Serbia
62%
A Armenia
59%
N Nauru
59%
S Samoa
59%
U Uruguay
59%
B Bolivia
56%
C Chile
56%
P Paraguay
56%
T Tonga
56%
T Tuvalu
56%
V Vanuatu
56%
V Venezuela
56%
Y Yemen
56%
E El Salvador
54%
I India
54%
K Kiribati
54%
M Malta
54%
E Ecuador
51%
A Angola
49%
B Bulgaria
49%
G Guyana
49%
J Jamaica
49%
M Montenegro
49%
N Nicaragua
49%
S San Marino
49%
V Vietnam
49%
C Chad
46%
C Costa Rica
46%
C Cuba
46%
G Georgia
46%
I Israel
46%
N Nigeria
46%
Z Zambia
46%
D Dominica
44%
H Haiti
44%
L Laos
44%
N Nepal
44%
T Togo
44%
G Ghana
41%
U Uganda
41%
B Barbados
38%
G Guinea
38%
B Bahamas
36%
K Kuwait
36%
M Madagascar
36%
G Gambia
33%
M Mongolia
33%
S Somalia
33%
B Burundi
31%
L Liberia
31%
N Namibia
31%
E Eritrea
28%
M Mozambique
28%
S Senegal
28%
S Sri Lanka
28%
B Burkina Faso
26%
M Mauritania
23%
S Seychelles
23%
G Guinea Bissau
21%
M Myanmar
18%
C Cabo Verde
13%
No se encontraron pruebas coincidentes
Distribución de puntuación
Porcentaje de gente con cada puntuación
Porcentaje por número respondido
Historial de tus puntuaciones
No has intentado esta prueba.